Peter Walker and Partners : (Record no. 352844)
[ view plain ]
| 000 -LEADER | |
|---|---|
| fixed length control field | 00924 a2200253 4500 |
| 003 - CONTROL NUMBER IDENTIFIER | |
| control field | OSt |
| 005 - DATE AND TIME OF LATEST TRANSACTION | |
| control field | 20180116192348.0 |
| 008 - FIXED-LENGTH DATA ELEMENTS--GENERAL INFORMATION | |
| fixed length control field | 120531t xxu||||| |||| 00| 0 eng d |
| 020 ## - INTERNATIONAL STANDARD BOOK NUMBER | |
| International Standard Book Number | 9780500342077 |
| 020 ## - INTERNATIONAL STANDARD BOOK NUMBER | |
| International Standard Book Number | 0500342075 |
| 040 ## - CATALOGING SOURCE | |
| Transcribing agency | 0 |
| 082 04 - DEWEY DECIMAL CLASSIFICATION NUMBER | |
| Classification number | 712.092 |
| 100 1# - MAIN ENTRY--PERSONAL NAME | |
| Personal name | Walker, Peter, |
| 9 (RLIN) | 3029 |
| 245 10 - TITLE STATEMENT | |
| Title | Peter Walker and Partners : |
| Remainder of title | landscape architecture - defining the craft / |
| Statement of responsibility, etc. | [Peter Walker ; with an essay by Jane Brown Gillette]. |
| 246 ## - VARYING FORM OF TITLE | |
| Title proper/short title | Landscape architecture - defining the craft |
| 260 ## - PUBLICATION, DISTRIBUTION, ETC. | |
| Place of publication, distribution, etc. | London : |
| Name of publisher, distributor, etc. | Thames & Hudson, |
| Date of publication, distribution, etc. | 2005. |
| 300 ## - PHYSICAL DESCRIPTION | |
| Extent | 231 p. : |
| Other physical details | ill. (chiefly col.), plans ; |
| Dimensions | 29 cm. |
| 600 10 - SUBJECT ADDED ENTRY--PERSONAL NAME | |
| Personal name | Walker, Peter, |
| Dates associated with a name | 1932- |
| 9 (RLIN) | 3030 |
| 610 20 - SUBJECT ADDED ENTRY--CORPORATE NAME | |
| Corporate name or jurisdiction name as entry element | Peter Walker and Partners. |
| 9 (RLIN) | 3031 |
| 650 10 - SUBJECT ADDED ENTRY--TOPICAL TERM | |
| Topical term or geographic name entry element | Landscape architecture |
| Geographic subdivision | United States. |
| 9 (RLIN) | 3032 |
| 700 1# - ADDED ENTRY--PERSONAL NAME | |
| Relator code | Gillette, Jane Brown. |
| 9 (RLIN) | 3033 |
| 942 ## - ADDED ENTRY ELEMENTS (KOHA) | |
| Institution code [OBSOLETE] | SADA |
| Koha item type | Book |
| Call number prefix | 712.092 WAL 2005 |
| Source of classification or shelving scheme | |
| Withdrawn status | Lost status | Source of classification or shelving scheme | Damaged status | Not for loan | Permanent Location | Current Location | Date acquired | Total Checkouts | Full call number | Barcode | Date last seen | Date last checked out | Cost, replacement price | Price effective from | Koha item type |
|---|---|---|---|---|---|---|---|---|---|---|---|---|---|---|---|
| School of Art Design and Architecture (SADA) | School of Art Design and Architecture (SADA) | 04/14/2011 | 4 | 712.092 WAL 2005 | SADA0000888 | 06/12/2015 | 05/21/2015 | 3367.00 | 08/05/2011 | Book |
